[Event "MTel"]
[Site "Sofia BUL"]
[Date "2007.05.17"]
[Round "7"]
[White "Mamedyarov, S."]
[Black "Sasikiran, K."]
[Result "0-1"]
[WhiteElo "2757"]
[BlackElo "2690"]
[PlyCount "82"]
[EventDate "2007.05.10"]
[Source "www.chesslib.no"]
[SourceDate "2004.05.04"]

1. c4 e5 2. g3 d6 3. Bg2 g6 4. Nc3 Bg7 5. d3 f5 6. e4 Nf6 7. Nge2 a5 8. exf5 gxf5 9. d4 O-O 10. Bg5 Qe8 11. O-O h6 12. Bxf6 Bxf6 13. c5 Nc6 14. Nb5 Qe7 15. Nec3 Qg7 16. cxd6 cxd6 17. d5 Nd4 18. Nxd4 exd4 19. Nb5 f4 20. Nxd6 Bg4 21. Qd3 Be7 22. Nb5 f3 23. Bh1 Bc5 24. d6 Kh8 25. Rad1 Rad8 26. a3 Bb6 27. Rfe1 Bf5 28. Qd2 Qf6 29. Re7 Bd7 30. Rde1 Qg5 31. Qd3 Qf5 32. Qd2 Qg5 33. Qc2 Qf5 34. Qxf5 Rxf5 35. Nc7 d3 36. Rd1 Rc5 37. Bxf3 Rc2 38. Rf1 Bh3 39. Ne6 Bxf2+ 40. Kh1 Bxf1 41. d7 Rg8 0-1

[Event "Reggio Emilia"]
[Site "?"]
[Date "1991.??.??"]
[Round "?"]
[White "Gurevich, M."]
[Black "Kasparov, Garry"]
[Result "0-1"]
[WhiteElo "2630"]
[BlackElo "2770"]
[PlyCount "108"]
[EventDate "1991.??.??"]
[Source "ChessBase"]
[SourceDate "1991.10.01"]

1. c4 g6 2. Nc3 Bg7 3. g3 e5 4. Bg2 d6 5. d3 f5 6. e3 Nf6 7. Nge2 a5 8. O-O O-O 9. b3 c6 10. Bb2 Na6 11. Qd2 Bd7 12. Kh1 Rc8 13. Rae1 b5 14. e4 Nc5 15. cxb5 cxb5 16. exf5 Bxf5 17. Ne4 b4 18. Rc1 Nfxe4 19. dxe4 Bd7 20. Rcd1 Bb5 21. Qe3 a4 22. Rfe1 Qb6 23. Nc1 a3 24. Ba1 Bd7 25. Nd3 Be6 26. f4 Rc6 27. Nf2 Nd7 28. Qd2 Nc5 29. Bh3 Bf7 30. fxe5 dxe5 31. Ng4 Be6 32. Nh6+ Kh8 33. Bxe6 Nxe6 34. Ng4 Nd4 35. Bxd4 exd4 36. Nf2 Rc3 37. Nh3 d3 38. Nf4 Rc2 39. Qxd3 Rxa2 40. Rf1 Rf2 41. Rxf2 Qxf2 42. Rd2 Qa7 43. Qe2 Bc3 44. Rc2 Qf7 45. e5 Qb7+ 46. Qg2 Qxg2+ 47. Kxg2 Bb2 48. Rf2 a2 49. Nxg6+ hxg6 50. Rxf8+ Kg7 51. Rf1 Bxe5 52. Kf3 a1=Q 53. Rxa1 Bxa1 54. Ke4 Kf6 0-1

[Event "Dos Hermanas"]
[Site "Dos Hermanas"]
[Date "1993.??.??"]
[Round "1"]
[White "Karpov, Anatoly"]
[Black "Epishin, Vladimir"]
[Result "1/2-1/2"]
[WhiteElo "2725"]
[BlackElo "2620"]
[PlyCount "47"]
[EventDate "1993.04.??"]
[Source "ChessBase"]

1. d4 d6 2. c4 e5 3. Nc3 exd4 4. Qxd4 Nc6 5. Qd2 Nf6 6. b3 a5 7. e4 a4 8. Rb1 axb3 9. axb3 g6 10. Bd3 Bg7 11. Nge2 Nb4 12. O-O O-O 13. Nf4 Re8 14. Rd1 Nxd3 15. Qxd3 Nxe4 16. Nxe4 Rxe4 17. Qxe4 Bf5 18. Qxb7 Bxb1 19. Nd5 Rb8 20. Qa7 Rxb3 21. Re1 h6 22. Qa4 Rb8 23. h3 Bf5 24. Ne7+ 1/2-1/2

[Event "FIDE World Cup KO"]
[Site "Shenyang"]
[Date "2000.09.10"]
[Round "2.4"]
[White "Bareev, Evgeny"]
[Black "Milos, Gilberto"]
[Result "1/2-1/2"]
[WhiteElo "2702"]
[BlackElo "2633"]
[PlyCount "141"]
[EventDate "2000.08.07"]
[Source "ChessBase"]
[SourceDate "2000.11.21"]

1. c4 g6 2. Nc3 Bg7 3. g3 e5 4. Bg2 d6 5. d3 f5 6. Nf3 Nf6 7. O-O O-O 8. Rb1 h6 9. b4 g5 10. Nd2 Nc6 11. e3 a6 12. a3 Be6 13. Bb2 Qd7 14. Nd5 Rae8 15. Qc2 f4 16. exf4 gxf4 17. Nxf6+ Rxf6 18. b5 axb5 19. cxb5 Nd8 20. d4 Bh3 21. dxe5 dxe5 22. Ne4 Rf7 23. Rbd1 Qf5 24. f3 fxg3 25. hxg3 Bxg2 26. Qxg2 b6 27. f4 exf4 28. Bxg7 Kxg7 29. Qb2+ Qe5 30. Qxe5+ Rxe5 31. Rxd8 Rxe4 32. Rxf4 Rexf4 33. gxf4 Rxf4 34. Rd7+ Rf7 35. Rd4 Kf6 36. Rc4 Ke5 37. Rc6 h5 38. Kg2 Kd4 39. a4 Rh7 40. Kh3 h4 41. Rc1 Kd5 42. Rc6 Kd4 43. Rc1 Ke5 44. Re1+ Kd6 45. Rc1 Rh8 46. Rc6+ Kd7 47. Rc4 Rh6 48. Rd4+ Kc8 49. Rc4 Kb7 50. Rf4 c5 51. Rf7+ Kc8 52. Rg7 Rd6 53. Kxh4 Rd4+ 54. Kg3 Rxa4 55. Rg6 Kc7 56. Rg7+ Kd6 57. Rg6+ Kd5 58. Rxb6 Re4 59. Rb8 Kc4 60. Kf3 Re7 61. Kf4 Kb4 62. Kf5 c4 63. b6 c3 64. Rc8 Kb3 65. Rc7 Re8 66. b7 Rb8 67. Ke4 c2 68. Kd5 Rd8+ 69. Ke6 Kb2 70. Rc8 c1=Q 71. b8=Q+ 1/2-1/2

[Event "Cannes (m/3)"]
[Site "?"]
[Date "1993.??.??"]
[Round "?"]
[White "Lautier, J."]
[Black "Kramnik, Vladimir"]
[Result "1-0"]
[WhiteElo "2645"]
[BlackElo "2685"]
[PlyCount "109"]
[EventDate "1993.??.??"]
[Source "ChessBase"]
[SourceDate "1993.02.01"]

1. c4 e5 2. Nc3 d6 3. d4 exd4 4. Qxd4 Nc6 5. Qd2 Nf6 6. b3 a5 7. Bb2 a4 8. Rd1 axb3 9. axb3 g6 10. e4 Bg7 11. Bd3 Nd4 12. Bc2 Nxc2+ 13. Qxc2 O-O 14. Nge2 Nh5 15. O-O f5 16. c5 fxe4 17. Nxe4 d5 18. Bxg7 Nxg7 19. c6 Bf5 20. N2g3 Bxe4 21. Nxe4 Rb8 22. Rd3 bxc6 23. Qxc6 Rb6 24. Qc3 Re6 25. Nc5 Ree8 26. b4 c6 27. Nb3 Qd6 28. Nd4 Rf6 29. Re3 Ref8 30. Re2 Nf5 31. Nb3 Nh6 32. h3 Nf7 33. Nc5 Ng5 34. Rfe1 R6f7 35. h4 Ne4 36. Nxe4 dxe4 37. Qc4 Qd5 38. Rc1 Rf6 39. Qxe4 Qxe4 40. Rxe4 Rxf2 41. Rxc6 Rf1+ 42. Kh2 R8f4 43. Rcc4 Rxe4 44. Rxe4 Kf7 45. Kg3 Rb1 46. Kf4 h5 47. Kg5 Rb2 48. g3 Rb3 49. g4 Rd3 50. Kh6 hxg4 51. Rf4+ Ke7 52. Rxg4 Rd6 53. Kg7 Rb6 54. Re4+ Kd8 55. Kf7 1-0

[Event "Ch World (match)"]
[Site "Ch World (match)"]
[Date "1977.??.??"]
[Round "?"]
[White "Korchnoi, Viktor L"]
[Black "Petrosian, Tigran V"]
[Result "1/2-1/2"]
[WhiteElo "2645"]
[BlackElo "2645"]
[PlyCount "67"]
[EventDate "1977.??.??"]
[Source "www.chesslib.no"]
[SourceDate "2004.05.04"]

1. c4 e5 2. Nc3 d6 3. d4 exd4 4. Qxd4 Nc6 5. Qd2 Nf6 6. b3 a5 7. e4 a4 8. Rb1 axb3 9. axb3 g6 10. g3 Bg7 11. Bg2 O-O 12. Nge2 Ne5 13. f4 Ned7 14. O-O Re8 15. b4 Qe7 16. Qd3 Nb6 17. Be3 Ra3 18. Bxb6 cxb6 19. Ra1 Rxa1 20. Rxa1 Be6 21. Rc1 Ra8 22. Nd4 Ne8 23. Ndb5 Qf6 24. Rf1 Qd8 25. Rd1 Qf6 26. Bf1 h5 27. Qe3 Ra6 28. Be2 Qe7 29. Qf2 Bd7 30. Nd5 Qd8 31. Bf1 Bg4 32. Re1 Be6 33. Rd1 Bg4 34. Re1 1/2-1/2

[Event "PCA/Intel-GP"]
[Site "London"]
[Date "1995.??.??"]
[Round "2"]
[White "Piket, Jeroen"]
[Black "Adams, Michael"]
[Result "1/2-1/2"]
[WhiteElo "2625"]
[BlackElo "2660"]
[PlyCount "130"]
[EventDate "1995.08.??"]
[Source "ChessBase"]

1. d4 d6 2. c4 e5 3. Nf3 e4 4. Ng5 f5 5. Nc3 Nf6 6. g3 g6 7. Bg2 Bg7 8. O-O O-O 9. f3 exf3 10. exf3 h6 11. Nh3 g5 12. d5 Nbd7 13. Qc2 Nb6 14. b3 Bd7 15. Bb2 Qe8 16. Rae1 Qf7 17. f4 g4 18. Nf2 Rae8 19. Ne2 Nh7 20. Nd4 Rxe1 21. Rxe1 Re8 22. Rxe8+ Qxe8 23. Kf1 c5 24. dxc6 bxc6 25. a4 c5 26. Nb5 Bxb5 27. cxb5 Bxb2 28. Qxb2 Qe6 29. a5 Nd5 30. Nd1 Nhf6 31. Qe2 Ne4 32. b6 axb6 33. a6 Nc7 34. Ne3 d5 35. a7 Nc3 36. Qd3 d4 37. Nxf5 Kf8 38. Nxh6 Qxh6 39. Qf5+ Ke7 40. Qe5+ Kd7 41. Qxc7+ Kxc7 42. a8=Q Qg6 43. Qb7+ Kd8 44. Qb8+ Ke7 45. Qc7+ Kf8 46. Qc8+ Kg7 47. f5 Qh6 48. Qd7+ Kh8 49. Qe8+ Kg7 50. Qe7+ Kh8 51. Qe5+ Kh7 52. h4 Qd2 53. Kg1 Qe3+ 54. Qxe3 dxe3 55. Kf1 Kg7 56. h5 Nb5 57. Ke2 Nd4+ 58. Kxe3 Nxf5+ 59. Kf4 Nd4 60. Kxg4 Nxb3 61. Kf4 Nd4 62. g4 b5 63. g5 Ne6+ 64. Kf5 Nxg5 65. Kxg5 Kh8 1/2-1/2

[Event "Tilburg"]
[Site "?"]
[Date "1996.??.??"]
[Round "?"]
[White "Lautier, J."]
[Black "Svidler, P."]
[Result "1/2-1/2"]
[WhiteElo "2620"]
[BlackElo "2650"]
[PlyCount "43"]
[EventDate "1996.??.??"]
[Source "ChessBase"]
[SourceDate "1996.10.01"]

1. d4 d6 2. c4 e5 3. Nf3 e4 4. Ng5 f5 5. Nc3 Be7 6. Nh3 Nf6 7. g3 O-O 8. Bg2 c5 9. d5 Nbd7 10. O-O Ne5 11. b3 Ne8 12. f3 exf3 13. exf3 Bf6 14. Qc2 Nc7 15. Nf2 Bd7 16. f4 Nf7 17. Bb2 a6 18. a4 b6 19. Rfe1 Re8 20. Bf1 Rxe1 21. Rxe1 Qf8 22. Ncd1 1/2-1/2

[Event "Jakarta Gunadarma"]
[Site "Jakarta"]
[Date "1996.??.??"]
[Round "3"]
[White "Sokolov, Ivan"]
[Black "Hickl, Joerg"]
[Result "1-0"]
[WhiteElo "2670"]
[BlackElo "2600"]
[PlyCount "69"]
[EventDate "1996.10.15"]
[Source "ChessBase"]

1. d4 d6 2. Nf3 Bg4 3. c4 Nd7 4. Nc3 e5 5. g3 Bxf3 6. exf3 Be7 7. dxe5 Nxe5 8. f4 Nd7 9. Bg2 c6 10. g4 Nb6 11. Qe2 Nf6 12. g5 Nfd7 13. Be3 O-O 14. O-O Re8 15. Rad1 Qc7 16. h4 Bf8 17. b3 a5 18. h5 a4 19. Qb2 Nc5 20. Qc2 axb3 21. axb3 Nbd7 22. b4 Na6 23. Qb3 Rab8 24. Ne4 Re6 25. f5 Re5 26. f4 Ree8 27. g6 { Gurevich,M-Seul,G/Bonn GSK-3 Bad Godesburg 1996/0-1} 27... Rxe4 28. Bxe4 Nf6 29. Bf3 Qd7 30. b5 Nc7 31. bxc6 Qxf5 32. gxh7+ Kh8 33. cxb7 Ne6 34. Qd3 Qh3 35. Qe2 1-0

[Event "Liepajas Rokade"]
[Site "Liepaya"]
[Date "2004.07.31"]
[Round "9"]
[White "Van Wely, Loek"]
[Black "Fridman, Daniel"]
[Result "1/2-1/2"]
[WhiteElo "2680"]
[BlackElo "2590"]
[PlyCount "53"]
[EventDate "2004.07.30"]
[SourceDate "2004.08.11"]

1. d4 d6 2. c4 e5 3. Nf3 e4 4. Ng5 f5 5. Nc3 Be7 6. Nh3 Nf6 7. g3 O-O 8. Bg2 c6 9. d5 Na6 10. O-O Nc7 11. f3 cxd5 12. cxd5 exf3 13. exf3 b5 14. a3 a5 15. Nf4 Bb7 16. Ne6 Nxe6 17. dxe6 Qb6+ 18. Kh1 d5 19. Re1 d4 20. Ne2 Rad8 21. Nf4 Nd5 22. Nxd5 Bxd5 23. Bf4 Rfe8 24. Rc1 Bd6 25. Bg5 Be7 26. Bf4 Bd6 27. Bg5 1/2-1/2

[Event "Tilburg"]
[Site "?"]
[Date "1996.??.??"]
[Round "?"]
[White "Piket, Je"]
[Black "Adams, Mi"]
[Result "1/2-1/2"]
[WhiteElo "2580"]
[BlackElo "2685"]
[PlyCount "72"]
[EventDate "1996.??.??"]
[Source "ChessBase"]
[SourceDate "1996.10.01"]

1. d4 d6 2. c4 e5 3. Nf3 e4 4. Ng5 f5 5. Nc3 Be7 6. Nh3 c6 7. g3 Nf6 8. Bg2 Na6 9. d5 O-O 10. O-O Nc7 11. Kh1 cxd5 12. cxd5 b5 13. b4 a5 14. Rb1 axb4 15. Rxb4 Bd7 16. Rb1 Ng4 17. f3 exf3 18. exf3 Bf6 19. fxg4 Bxc3 20. Qc2 b4 21. gxf5 Nb5 22. g4 Qh4 23. Ng5 Nd4 24. Qe4 Rxa2 25. Ne6 Ne2 26. Bf4 Nxf4 27. Rxf4 Be5 28. Nxf8 Kxf8 29. Qf3 Bb5 30. h3 Bd3 31. Qxd3 Bxf4 32. Qc4 Qf2 33. Qc8+ Ke7 34. Qc7+ Ke8 35. Qc8+ Ke7 36. Qc7+ Ke8 1/2-1/2

[Event "Evian"]
[Site "Evian"]
[Date "1977.??.??"]
[Round "?"]
[White "Korchnoi, Viktor L"]
[Black "Polugaevsky, Lev A"]
[Result "1/2-1/2"]
[WhiteElo "2645"]
[BlackElo "2620"]
[PlyCount "63"]
[EventDate "1977.??.??"]
[Source "www.chesslib.no"]
[SourceDate "2004.05.04"]

1. c4 e5 2. Nc3 d6 3. d4 exd4 4. Qxd4 Nc6 5. Qd2 Nf6 6. b3 a5 7. e4 a4 8. Rb1 axb3 9. axb3 g6 10. g3 Bg7 11. Bg2 O-O 12. Nge2 Ne5 13. f4 Ned7 14. O-O Re8 15. b4 Qe7 16. Qd3 Nb6 17. Be3 Ra3 18. Bxb6 cxb6 19. Ra1 Rxa1 20. Rxa1 Be6 21. Rc1 Ra8 22. Nd4 Ne8 23. Ndb5 Qf6 24. Bf1 h5 25. Qe3 Ra6 26. Be2 Qe7 27. Qf2 Bd7 28. Nd5 Qd8 29. Bf1 Bg4 30. Re1 Be6 31. Rd1 Bg4 32. Re1 1/2-1/2

[Event "Linares"]
[Site "?"]
[Date "1993.??.??"]
[Round "?"]
[White "Ljubojevic, Lj"]
[Black "Salov, V."]
[Result "1-0"]
[WhiteElo "2605"]
[BlackElo "2660"]
[PlyCount "135"]
[EventDate "1993.??.??"]
[Source "ChessBase"]
[SourceDate "1993.02.01"]

1. c4 f5 2. Nc3 Nf6 3. g3 e5 4. Bg2 g6 5. d4 exd4 6. Qxd4 Nc6 7. Qh4 Bg7 8. Bh6 O-O 9. Nh3 Ne5 10. Bxg7 Kxg7 11. Qd4 d6 12. b3 c6 13. O-O Nf7 14. Rad1 Qb6 15. Qd2 Qa5 16. Kh1 Be6 17. Qb2 Rae8 18. Rd3 Bc8 19. Qd2 h6 20. Qb2 Re7 21. Nf4 Rfe8 22. Kg1 Re5 23. Rd4 Qb6 24. Rd2 a5 25. Rfd1 Qc7 26. Rd4 Kh7 27. h4 g5 28. hxg5 hxg5 29. Nd3 R5e6 30. Ne1 Ne4 31. Nxe4 fxe4 32. Qc2 Qe7 33. Bxe4+ Rxe4 34. f3 Bf5 35. fxe4 Bxe4 36. Qd2 Qe5 37. Qe3 Re6 38. Nd3 Qf5 39. Rf1 Qxf1+ 40. Kxf1 Bg2+ 41. Kf2 Rxe3 42. Kxe3 c5 43. Re4 Bxe4 44. Kxe4 Kg6 45. Kd5 Kf5 46. Nf2 Kf6 47. e4 Ke7 48. Nd3 Kf6 49. a4 Ke7 50. e5 g4 51. exd6+ Nxd6 52. Nxc5 Nf5 53. Ne4 Ne3+ 54. Ke5 Nc2 55. Nd6 b6 56. Nf5+ Kd7 57. Nd4 Ne1 58. Kf4 Kd6 59. Kxg4 Kc5 60. Nf3 Nd3 61. Kf5 Nf2 62. Ne5 Kb4 63. Nd7 Kxb3 64. Nxb6 Kb4 65. g4 Nh1 66. Kf4 Nf2 67. g5 Nh3+ 68. Kf5 1-0

[Event "Euwe Memorial"]
[Site "Amsterdam NED"]
[Date "1989.??.??"]
[Round "6"]
[White "Hjartarson, Johann"]
[Black "Short, Nigel D"]
[Result "0-1"]
[WhiteElo "2615"]
[BlackElo "2650"]
[PlyCount "80"]
[EventDate "1989.03.??"]
[Source "www.chesslib.no"]
[SourceDate "2004.05.04"]

1. c4 e5 2. Nc3 d6 3. d4 exd4 4. Qxd4 Nc6 5. Qd2 g6 6. b3 Bg7 7. Bb2 Nf6 8. g3 O-O 9. Bg2 a5 10. Nh3 Ne5 11. Rc1 Bd7 12. O-O Re8 13. f3 a4 14. Nf2 axb3 15. axb3 Ra6 16. e4 c5 17. f4 Neg4 18. Nd3 Bc6 19. h3 Nh6 20. Rce1 Nd7 21. Nd5 Bxd5 22. Bxg7 Kxg7 23. cxd5 f6 24. Kh2 Nf7 25. Bf3 Qa5 26. Qxa5 Rxa5 27. h4 Ra3 28. Nc1 b5 29. Bg4 Re7 30. Be6 Nf8 31. Bxf7 Rxf7 32. e5 fxe5 33. fxe5 Rxf1 34. Rxf1 dxe5 35. Nd3 Nd7 36. Re1 Kf8 37. Rf1+ Ke7 38. d6+ Kxd6 39. Rf7 c4 40. Nf2 cxb3 0-1

[Event "FRA"]
[Site "FRA"]
[Date "1993.??.??"]
[Round "?"]
[White "Lautier, Joel"]
[Black "Gurevich, Mikhail"]
[Result "1-0"]
[WhiteElo "2645"]
[BlackElo "2610"]
[PlyCount "111"]
[EventDate "1993.??.??"]
[Source "ChessBase"]

1. c4 f5 2. g3 Nf6 3. Bg2 e5 4. Nc3 d6 5. d4 c6 6. Nf3 e4 7. Ng5 d5 8. cxd5 cxd5 9. Nh3 Nc6 10. Bg5 Bb4 11. Nf4 O-O 12. O-O Bxc3 13. bxc3 h6 14. Bxf6 Rxf6 15. f3 g5 16. Nh5 Rf7 17. fxe4 fxe4 18. Rxf7 Kxf7 19. e3 Na5 20. Qe2 Be6 21. Rf1+ Ke7 22. Ng7 Qg8 23. Nxe6 Qxe6 24. Qb5 b6 25. Bh3 Qd6 26. Rf5 Rd8 27. Qf1 Qg6 28. Re5+ Kd6 29. Qb5 Qg8 30. Qb4+ Kc7 31. Be6 Nc6 32. Bxg8 Nxb4 33. cxb4 Rxg8 34. Rxd5 Rc8 35. b5 Rf8 36. Re5 Kd6 37. Rxe4 Rc8 38. h4 Rc2 39. hxg5 hxg5 40. a4 Ra2 41. g4 Rxa4 42. Kf2 a6 43. bxa6 Rxa6 44. Re5 Ra8 45. Rxg5 Rb8 46. Rb5 Kc6 47. Rb4 b5 48. e4 Kb6 49. e5 Ka5 50. Rb1 b4 51. Ke3 b3 52. d5 Kb4 53. Kd4 Rg8 54. d6 Rxg4+ 55. Kd5 Kc3 56. e6 1-0

[Event "Breda m playoff"]
[Site "Breda"]
[Date "1998.05.19"]
[Round "3"]
[White "Van Wely, Loek"]
[Black "Timman, Jan H"]
[Result "1-0"]
[WhiteElo "2605"]
[BlackElo "2635"]
[PlyCount "72"]
[EventDate "1998.05.19"]
[Source "ChessBase"]
[SourceDate "1998.08.06"]

1. d4 d6 2. Nf3 Bg4 3. c4 Nd7 4. Nc3 e5 5. g3 Bxf3 6. exf3 exd4 7. Qxd4 Ngf6 8. Bg2 Be7 9. O-O O-O 10. f4 c6 11. b3 Re8 12. Bb2 Bf8 13. Bf3 Qb6 14. Qd2 Qc7 15. g4 Nc5 16. Rfe1 a5 17. g5 Nfd7 18. h4 Qb6 19. Ba3 Ne6 20. Rad1 Qd4 21. Bg4 Qxd2 22. Rxd2 Ndc5 23. f5 Nf4 24. Rxe8 Rxe8 25. Bxc5 dxc5 26. Kh2 g6 27. f6 h5 28. Kg3 Ne6 29. Bxe6 Rxe6 30. Rd8 Rd6 31. Rxd6 Bxd6+ 32. f4 b6 33. Kf3 Kf8 34. Ke4 Ke8 35. Ne2 Kd7 36. f5 b5 1-0

[Event "CA"]
[Site "San Mateo, CA USA"]
[Date "1989.??.??"]
[Round "?"]
[White "Seirawan, Yasser"]
[Black "Gulko, Boris F"]
[Result "1-0"]
[WhiteElo "2610"]
[BlackElo "2610"]
[PlyCount "47"]
[EventDate "1989.??.??"]
[Source "www.chesslib.no"]
[SourceDate "2004.05.04"]

1. c4 e5 2. Nc3 d6 3. g3 f5 4. d4 Be7 5. Bg2 Nf6 6. Nf3 e4 7. Ng5 c6 8. d5 Na6 9. f3 exf3 10. exf3 Nxd5 11. cxd5 Bxg5 12. f4 Bf6 13. dxc6 Bxc3+ 14. bxc3 Qc7 15. Ba3 Nc5 16. Bxc5 dxc5 17. O-O bxc6 18. Re1+ Kf7 19. Qe2 Rd8 20. Qh5+ Kf6 21. Qxh7 Rb8 22. Re5 Rb2 23. Rae1 Qd6 24. Re7 1-0

[Event "Luxembourg"]
[Site "?"]
[Date "1993.??.??"]
[Round "?"]
[White "Murrey, J."]
[Black "Shirov, A."]
[Result "1/2-1/2"]
[WhiteElo "2530"]
[BlackElo "2685"]
[PlyCount "102"]
[EventDate "1993.??.??"]
[Source "ChessBase"]
[SourceDate "1993.06.01"]

1. c4 e5 2. Nf3 d6 3. Nc3 f5 4. g3 Nf6 5. d4 e4 6. Nh4 g6 7. Bg5 Bg7 8. Qd2 O-O 9. f3 Qe8 10. Bg2 exf3 11. Bxf3 c5 12. Nb5 Ne4 13. Bxe4 Qxe4 14. Nf3 cxd4 15. Nc7 Na6 16. Nxa8 Bd7 17. Bh6 Bxh6 18. Qxh6 d3 19. O-O dxe2 20. Rf2 f4 21. Qxh7+ Kxh7 22. Ng5+ Kg8 23. Nxe4 f3 24. Nc3 Re8 25. Re1 Bc6 26. Nd5 Bxd5 27. cxd5 Re3 28. a3 b5 29. g4 b4 30. h4 bxa3 31. bxa3 Rxa3 32. Kh2 Nb4 33. Nc7 Nd3 34. Rexe2 fxe2 35. Rxe2 Ne5 36. Re4 Nf3+ 37. Kg2 Nxh4+ 38. Kf2 Ra2+ 39. Kg3 g5 40. Nb5 Rg2+ 41. Kh3 Rd2 42. Nxd6 Rxd5 43. Re8+ Kg7 44. Ne4 a5 45. Kg3 Ng6 46. Ra8 Ne7 47. Kf3 Rb5 48. Nd6 Rb3+ 49. Ke4 Rb4+ 50. Ke5 Rb1 51. Nc4 Rb4 1/2-1/2

[Event "Elenite"]
[Site "?"]
[Date "1995.??.??"]
[Round "?"]
[White "Alterman, B."]
[Black "Gulko, B."]
[Result "1/2-1/2"]
[WhiteElo "2595"]
[BlackElo "2620"]
[PlyCount "136"]
[EventDate "1995.??.??"]
[Source "ChessBase"]
[SourceDate "1995.06.01"]

1. d4 d6 2. Nf3 Bg4 3. c4 Nd7 4. Nc3 e5 5. g3 Bxf3 6. exf3 Ngf6 7. Bg2 Be7 8. O-O O-O 9. f4 c6 10. Re1 exd4 11. Qxd4 Re8 12. Bd2 Qb6 13. Qxb6 Nxb6 14. b3 d5 15. cxd5 Nfxd5 16. Nxd5 Nxd5 17. Bxd5 cxd5 18. Rac1 Bf6 19. Rc7 Rxe1+ 20. Bxe1 h5 21. Kf1 b6 22. Bd2 a5 23. a4 Re8 24. Be3 d4 25. Bd2 Re6 26. h3 g6 27. g4 hxg4 28. hxg4 Rd6 29. Ke1 Kf8 30. Kd1 Ke8 31. f3 d3 32. Rc4 Bd4 33. b4 axb4 34. Bxb4 Rd5 35. Kd2 Bf2 36. Rc7 f5 37. Bc3 Bg3 38. Rc4 Bf2 39. Rc6 Bg3 40. Be5 g5 41. Rd6 Rxd6 42. Bxd6 Kd7 43. Bb8 fxg4 44. fxg4 gxf4 45. Kxd3 Bh4 46. Bxf4 Kc6 47. Ke4 b5 48. axb5+ Kxb5 49. Kd5 Kb6 50. Kd6 Kb5 51. Kd5 Kb6 52. Be5 Bg5 53. Ke6 Kc6 54. Kf5 Bd2 55. Bf4 Be1 56. g5 Kd7 57. g6 Ke8 58. Bd6 Bc3 59. Ke6 Bg7 60. Bc5 Bc3 61. Bb4 Bb2 62. Be7 Bc3 63. Ba3 Bd4 64. Kf5 Bc3 65. Bd6 Bb2 66. Kg5 Bg7 67. Kf4 Bc3 68. Kf5 Bb2 1/2-1/2

[Event "FRA-chT"]
[Site "Montpellier"]
[Date "2001.05.01"]
[Round "11.2"]
[White "Kallai, Gabor"]
[Black "Tkachiev, Vladislav"]
[Result "1/2-1/2"]
[WhiteElo "2543"]
[BlackElo "2672"]
[PlyCount "179"]
[EventDate "2001.04.??"]
[Source "www.chesslib.no"]
[SourceDate "2004.05.04"]

1. d4 d6 2. c4 e5 3. Nc3 exd4 4. Qxd4 Nc6 5. Qd2 Nf6 6. b3 Be6 7. e4 a5 8. Nf3 a4 9. Rb1 axb3 10. axb3 g6 11. Be2 Bg7 12. O-O O-O 13. Bb2 Re8 14. Rfe1 Bd7 15. Bf1 Bg4 16. Qf4 Bxf3 17. Qxf3 Nd7 18. Nb5 Bxb2 19. Rxb2 Nc5 20. b4 Ne6 21. Qc3 Qg5 22. g3 Qe5 23. f4 Qxc3 24. Nxc3 Kg7 25. Kf2 Ncd4 26. Rd1 Ra3 27. Nb5 Nxb5 28. cxb5 b6 29. Bc4 Kf6 30. Rc2 Re7 31. Bxe6 Kxe6 32. Rdc1 Ra7 33. g4 Kd7 34. Kf3 h6 35. h4 f6 36. Rc3 Kd8 37. Rg1 Ra4 38. Rb3 g5 39. hxg5 hxg5 40. Rh1 Rf7 41. Ke3 Ra2 42. Rh8+ Kd7 43. f5 Ra1 44. Kd4 Re7 45. Rf8 Rd1+ 46. Rd3 Rb1 47. Kc3 Rxe4 48. Rh3 Rbxb4 49. Rh7+ Re7 50. Kxb4 Rxh7 51. Rxf6 Re7 52. Kc4 Re4+ 53. Kd5 Re5+ 54. Kc4 Rc5+ 55. Kd3 Rxb5 56. Rg6 Rd5+ 57. Kc3 Rc5+ 58. Kd3 b5 59. Rxg5 b4 60. Rg7+ Ke8 61. Rg8+ Kf7 62. Rb8 Rc3+ 63. Ke4 Rc4+ 64. Kd5 Rxg4 65. Rb7 Kf6 66. Rxc7 Rg1 67. Rb7 Rb1 68. Rb5 Rd1+ 69. Ke4 Rh1 70. Kd5 Rd1+ 71. Ke4 Rb1 72. Kd5 b3 73. Kc4 b2 74. Kc3 Rf1 75. Rxb2 Kxf5 76. Kd4 Rd1+ 77. Ke3 Ke5 78. Rb5+ d5 79. Rb8 Ra1 80. Re8+ Kd6 81. Rd8+ Kc5 82. Rc8+ Kd6 83. Rd8+ Kc6 84. Rc8+ Kd7 85. Rh8 Re1+ 86. Kd4 Rd1+ 87. Ke3 Ke6 88. Re8+ Kf5 89. Rf8+ Ke5 90. Re8+ 1/2-1/2

[Event "ETCC"]
[Site "Crete GRE"]
[Date "2007.11.03"]
[Round "6"]
[White "Chatalbashev, B."]
[Black "Bauer, Ch"]
[Result "0-1"]
[WhiteElo "2581"]
[BlackElo "2634"]
[PlyCount "116"]
[EventDate "2007.10.28"]
[Source "www.chesslib.no"]
[SourceDate "2004.05.04"]

1. c4 e5 2. g3 d6 3. Nc3 f5 4. Bg2 Nf6 5. d3 c6 6. Nf3 Na6 7. O-O Be7 8. Rb1 O-O 9. b4 Nc7 10. b5 c5 11. Bg5 Ng4 12. Bd2 Kh8 13. a4 b6 14. Ne1 Rb8 15. f3 Nf6 16. e4 f4 17. Nc2 Ne6 18. Nd5 Qe8 19. Bh3 fxg3 20. hxg3 Bd8 21. Kg2 Rb7 22. Rh1 Kg8 23. Nce3 g6 24. Qg1 h5 25. Rf1 Nh7 26. f4 Bd7 27. Qh2 Nd4 28. Bxd7 Rxd7 29. f5 Rg7 30. fxg6 Qxg6 31. Rxf8+ Nxf8 32. g4 h4 33. Rf1 Nfe6 34. Kh1 Ng5 35. Nf5 Ngf3 36. Qg2 h3 37. Qxh3 Rh7 38. Nh6+ Kg7 39. Rxf3 Nxf3 40. Qxf3 Bg5 41. Kg1 Qxh6 42. Bxg5 Qxg5 43. Ne3 Kg8 44. Kf1 Rf7 45. Nf5 Qc1+ 46. Kg2 Rh7 47. Ng3 Qd2+ 48. Qe2 Qg5 49. Qf3 Rh4 50. Qf5 Qxg4 51. Qxg4+ Rxg4 52. Kf3 Rg6 53. Nf5 Kf7 54. Ke3 Rf6 55. Kd2 Rxf5 56. exf5 Kf6 57. Ke3 Kxf5 58. Kf3 Ke6 0-1

[Event "5th Russian Cup Final, Kazan RUS"]
[Site "?"]
[Date "2001.??.??"]
[Round "5"]
[White "Kharlov, A."]
[Black "Popov, Val"]
[Result "1/2-1/2"]
[WhiteElo "2655"]
[BlackElo "2555"]
[PlyCount "67"]
[EventDate "2001.??.??"]
[Source "www.chesslib.no"]
[SourceDate "2004.05.04"]

1. c4 e5 2. g3 g6 3. Bg2 Bg7 4. Nc3 d6 5. d3 f5 6. e4 Nc6 7. Nge2 Nge7 8. O-O O-O 9. Nd5 h6 10. Be3 g5 11. Nxe7+ Nxe7 12. exf5 Nxf5 13. Nc3 c6 14. Rc1 Be6 15. b4 Nxe3 16. fxe3 Rxf1+ 17. Kxf1 Qd7 18. Kg1 d5 19. cxd5 cxd5 20. Qa4 Qd6 21. Qb5 Rc8 22. Ne2 Rxc1+ 23. Nxc1 Bf8 24. Qxb7 Qxb4 25. Bxd5 Qxb7 26. Bxb7 Ba3 27. Nb3 Bxb3 28. axb3 Bc5 29. Kf2 g4 30. Bc8 h5 31. h3 gxh3 32. Bxh3 Kf7 33. Kf3 Bb4 34. d4 1/2-1/2

[Event "Jakarta Gunadarma"]
[Site "Jakarta"]
[Date "1996.??.??"]
[Round "8"]
[White "Ftacnik, Lubomir"]
[Black "Hickl, Joerg"]
[Result "1/2-1/2"]
[WhiteElo "2610"]
[BlackElo "2600"]
[PlyCount "92"]
[EventDate "1996.10.15"]
[Source "ChessBase"]

1. d4 d6 2. Nf3 Bg4 3. c4 Nd7 4. Nc3 e5 5. g3 Bxf3 6. exf3 Ngf6 7. Bg2 c6 8. O-O Be7 9. f4 O-O 10. fxe5 dxe5 11. d5 Qc7 12. dxc6 bxc6 13. Qa4 Rac8 14. b4 a5 15. Qxa5 Qxa5 16. bxa5 Bb4 17. Na4 Bxa5 18. Ba3 Rfe8 19. Nc5 e4 20. Nb7 Bc7 21. Nd6 Bxd6 22. Bxd6 Ra8 23. Rfb1 Ra4 24. Rb4 Rea8 25. Rxa4 Rxa4 26. f3 exf3 27. Bxf3 c5 28. a3 g5 29. Be7 Kg7 30. Bc6 Ra7 31. a4 Ne5 32. Bxf6+ Kxf6 33. Bb5 Kf5 34. Rf1+ Ke4 35. Rf6 Re7 36. Rd6 f5 37. a5 f4 38. Rd1 fxg3 39. hxg3 Kf3 40. Re1 Kxg3 41. Kf1 Rf7+ 42. Ke2 Nf3 43. Ra1 g4 44. a6 Ra7 45. Ke3 h5 46. Ke4 h4 1/2-1/2

[Event "Jakarta"]
[Site "Jakarta"]
[Date "1996.??.??"]
[Round "?"]
[White "Adianto, Utut"]
[Black "Hickl, Joerg"]
[Result "1/2-1/2"]
[WhiteElo "2605"]
[BlackElo "2600"]
[PlyCount "60"]
[EventDate "1996.08.28"]
[Source "ChessBase"]
[SourceDate "1997.04.10"]

1. d4 d6 2. c4 e5 3. Nf3 e4 4. Ng5 f5 5. Nc3 c6 6. f3 exf3 7. exf3 Na6 8. Bd3 h6 9. Nh3 Qh4+ 10. Nf2 Qxd4 11. O-O Kf7 12. Re1 Qb6 13. Be3 Qc7 14. Bd4 Nc5 15. Bc2 Ne7 16. Qd2 Bd7 17. Rad1 Ne6 18. Be3 Rd8 19. b4 g6 20. Bb3 Bg7 21. Ne2 c5 22. Nf4 b6 23. N2d3 Nxf4 24. Nxf4 Rhe8 25. Bf2 Be5 26. Nd3 Bg7 27. Nf4 Be5 28. bxc5 bxc5 29. Nd3 Bg7 30. Nf4 Be5 1/2-1/2